[Event "Titled Tuesday intern op 22nd Nov Early"]
[Site "Chess.com INT"]
[Date "2022.11.22"]
[Round "2"]
[White "Storme, Isak"]
[Black "Unat, Can Haktan"]
[Result "0-1"]
[WhiteElo "2423"]
[BlackElo "2246"]
[PlyCount "154"]
[EventDate "2022.11.22"]
[EventType "swiss (blitz)"]
[EventRounds "11"]
[EventCountry "USA"]
[SourceTitle "CBM 211 Extra"]
[Source "ChessBase"]
[SourceDate "2023.01.31"]
[SourceVersion "1"]
[SourceVersionDate "2023.01.31"]
[SourceQuality "1"]

1. g4 h5 2. g5 e5 3. e4 Qxg5 4. d4 Qh4 5. Nf3 Qxe4+ 6. Be2 d5 7. Nc3 Qg6 8. Nxd5 Bd6 9. dxe5 c6 10. exd6 cxd5 11. Qxd5 Nf6 12. Bb5+ Nbd7 13. Qe5+ Kf8 14. Qe7+ Kg8 15. Rg1 Qe4+ 16. Qxe4 Nxe4 17. Bf4 Ndf6 18. 0-0-0 Bg4 19. Be2 Nxf2 20. Rd4 Nh3 21. Rgd1 Nxf4 22. Rxf4 Nd7 23. Re4 Rc8 24. Re7 Kf8 25. Rf1 Rh6 26. Nd4 Rf6 27. Rxf6 Nxf6 28. Bxg4 hxg4 29. Rxb7 Rd8 30. Nf5 g6 31. Nh6 Rxd6 32. Rxf7+ Ke8 33. Rxa7 Re6 34. Nf7 Re2 35. Nd6+ Kd8 36. c4 Nd7 37. b4 Rxh2 38. c5 Ne5 39. Ne4 Nd3+ 40. Kd1 Nxb4 41. Rg7 Nxa2 42. Rxg6 Rh4 43. c6 Kc7 44. Nc5 Nc3+ 45. Kc2 Nb5 46. Na6+ Kd8 47. Rg5 Nd6 48. c7+ Kd7 49. Rg7+ Ke6 50. Nc5+ Kd5 51. Nb7 Rh2+ 52. Kc3 Rh8 53. Rd7 Kc6 54. Rxd6+ Kxb7 55. Rd8 Rh3+ 56. Rd3 Kxc7 57. Kd4 Kd6 58. Rd1 Ke6 59. Ke4 Rf3 60. Rg1 Ra3 61. Rh1 Ra4+ 62. Ke3 Kf5 63. Rh5+ Kg6 64. Rb5 Rc4 65. Rb6+ Kg5 66. Rb5+ Kh4 67. Rb8 Kg3 68. Rb3 Rc7 69. Ke2+ Kg2 70. Rb4 g3 71. Rh4 Re7+ 72. Kd2 Kf2 73. Rf4+ Kg1 74. Rf8 g2 75. Rf4 Rh7 76. Ke2 Kh1 77. Rg4 g1Q 0-1

[Event "SWE-chT 2223 Elite"]
[Site "Sweden"]
[Date "2022.10.15"]
[Round "2.3"]
[White "Wedberg, Tom"]
[Black "Storme, Isak"]
[Result "1/2-1/2"]
[WhiteElo "2395"]
[BlackElo "2424"]
[PlyCount "54"]
[EventDate "2022.10.14"]
[EventType "team-tourn"]
[EventRounds "9"]
[EventCountry "SWE"]
[SourceTitle "CBM 210 Extra"]
[Source "ChessBase"]
[SourceDate "2022.11.30"]
[SourceVersion "1"]
[SourceVersionDate "2022.11.30"]
[SourceQuality "1"]
[WhiteTeam "Wasa"]
[BlackTeam "Lunds"]
[WhiteTeamCountry "SWE"]
[BlackTeamCountry "SWE"]

1. e4 e5 2. Nf3 Nc6 3. Bb5 a6 4. Ba4 Nf6 5. 0-0 Be7 6. Bxc6 dxc6 7. d3 Bd6 8. Nbd2 Qe7 9. Nc4 Bg4 10. Ne3 Bd7 11. b3 0-0-0 12. Bb2 g5 13. Re1 Ng4 14. Nf5 Bxf5 15. exf5 Qf6 16. h3 h5 17. hxg4 hxg4 18. Nxe5 Qh6 19. Kf1 Qh1+ 20. Ke2 Qxg2 21. Rg1 Qh2 22. Nxg4 Rde8+ 23. Kf1 Qh3+ 24. Rg2 Qh1+ 25. Rg1 Qh3+ 26. Rg2 Qh1+ 27. Rg1 Qh3+ 1/2-1/2

[Event "Titled Tuesday intern op 05th Jul Late"]
[Site "Chess.com INT"]
[Date "2022.07.05"]
[Round "8"]
[White "Rustemov, Alexander"]
[Black "Storme, Isak"]
[Result "0-1"]
[WhiteElo "2525"]
[BlackElo "2416"]
[PlyCount "106"]
[EventDate "2022.07.05"]
[EventType "swiss (blitz)"]
[EventRounds "11"]
[EventCountry "USA"]
[SourceTitle "CBM 209 Extra"]
[Source "ChessBase"]
[SourceDate "2022.09.30"]
[SourceVersion "1"]
[SourceVersionDate "2022.09.30"]
[SourceQuality "1"]

1. d4 d5 2. c4 e6 3. Nc3 a6 4. cxd5 exd5 5. Nf3 h6 6. Bf4 Nf6 7. e3 Bd6 8. Bxd6 Qxd6 9. h3 Bf5 10. Qb3 Ra7 11. Be2 0-0 12. 0-0 Nbd7 13. Rfc1 c6 14. Na4 Re8 15. Nd2 g5 16. Qa3 Qe6 17. Bf1 h5 18. b4 g4 19. hxg4 hxg4 20. g3 Ne4 21. Nxe4 Bxe4 22. Bg2 Bxg2 23. Kxg2 Qe4+ 24. Kg1 Kg7 25. Kf1 Rh8 26. Ke2 Qf3+ 27. Kd3 Rh2 28. Rf1 Nf6 29. Nc3 Ne4 30. Nxe4 dxe4+ 31. Kc4 b5+ 32. Kc5 Qf5+ 33. Kb6 Qd7 34. Rh1 c5 35. Qxa6 Rxa6+ 36. Kxa6 Qc6+ 37. Ka5 Rxh1 38. Rxh1 cxb4 39. Kxb4 Qc4+ 40. Ka5 Qa4+ 41. Kb6 b4 42. d5 Qxa2 43. d6 Qd5 44. Kc7 Qc5+ 45. Kd7 b3 46. Rb1 Kf6 47. Rxb3 Ke5 48. Ke8 Qxd6 49. Rb5+ Kf6 50. Rb7 Qc6+ 51. Rd7 Ke6 52. Kf8 Qxd7 53. Kg7 Qd2 0-1

[Event "Fredericia IM"]
[Site "Fredericia"]
[Date "2022.05.28"]
[Round "7"]
[White "Storme, Isak"]
[Black "Thorsbro, Peter"]
[Result "1-0"]
[WhiteElo "2388"]
[BlackElo "2192"]
[PlyCount "89"]
[EventDate "2022.05.25"]
[EventType "tourn"]
[EventRounds "9"]
[EventCountry "DEN"]
[EventCategory "2"]
[SourceTitle "CBM 208 Extra"]
[Source "ChessBase"]
[SourceDate "2022.07.31"]
[SourceVersion "1"]
[SourceVersionDate "2022.07.31"]
[SourceQuality "1"]

1. e4 e5 2. Nf3 Nc6 3. Bb5 a6 4. Ba4 Nf6 5. d3 b5 6. Bb3 Be7 7. a4 Rb8 8. axb5 axb5 9. 0-0 0-0 10. Re1 h6 11. Nc3 Re8 12. Nd5 Nxd5 13. exd5 Nd4 14. Nxd4 exd4 15. Qg4 Rb6 16. Qxd4 Bc5 17. Rxe8+ Qxe8 18. Qe4 Qxe4 19. dxe4 Rf6 20. Be3 Bxe3 21. fxe3 Ra6 22. Rxa6 Bxa6 23. e5 d6 24. exd6 cxd6 25. e4 f5 26. exf5 Kf7 27. Kf2 Kf6 28. Ke3 Ke5 29. g4 Bb7 30. c3 Bc8 31. Ba2 h5 32. h3 hxg4 33. hxg4 Bb7 34. b4 Ba6 35. Bb3 Bc8 36. c4 Ba6 37. c5 Bb7 38. c6 Bc8 39. Ba2 Ba6 40. Kf3 Bc8 41. Kg3 Ke4 42. Kh4 Kf4 43. Kh5 Ba6 44. Bb1 Bc8 45. Kg6 1-0

[Event "Fredericia IM"]
[Site "Fredericia"]
[Date "2022.05.27"]
[Round "5"]
[White "Storme, Isak"]
[Black "Easwaralingam, Adesh"]
[Result "1-0"]
[WhiteElo "2388"]
[BlackElo "2116"]
[PlyCount "73"]
[EventDate "2022.05.25"]
[EventType "tourn"]
[EventRounds "9"]
[EventCountry "DEN"]
[EventCategory "2"]
[SourceTitle "CBM 208 Extra"]
[Source "ChessBase"]
[SourceDate "2022.07.31"]
[SourceVersion "1"]
[SourceVersionDate "2022.07.31"]
[SourceQuality "1"]

1. e4 c5 2. Nf3 e6 3. d4 cxd4 4. Nxd4 Nc6 5. Nc3 Qc7 6. g3 a6 7. Bg2 Nf6 8. 0-0 Nxd4 9. Qxd4 Bc5 10. Bf4 d6 11. Qd2 h6 12. Rad1 e5 13. Be3 Bxe3 14. fxe3 Be6 15. Qxd6 Rc8 16. Qb4 Qe7 17. Qa4+ Bd7 18. Qb3 b5 19. Nd5 Nxd5 20. exd5 Qd6 21. Qd3 h5 22. h4 0-0 23. c3 Rc4 24. e4 Qc5+ 25. Kh2 b4 26. Rc1 bxc3 27. Rxc3 Rxc3 28. Qxc3 Qd6 29. Rc1 Bb5 30. Qc5 Qf6 31. Rc2 Qd8 32. d6 Re8 33. Bh3 Bd7 34. Qc7 Bxh3 35. Kxh3 Qxc7 36. dxc7 Rc8 37. b4 1-0